Compilación legislativa del gobierno y administración civil de Ultramar : (Record no. 53816)

MARC details
000 -LEADER
campo de control de longitud fija 01152nam a2200241 i 4500
001 - NÚMERO DE CONTROL
campo de control 53816
003 - IDENTIFICADOR DE NÚMERO DE CONTROL
campo de control ES-MaACL
005 - FECHA Y HORA DE LA ÚLTIMA TRANSACCIÓN
campo de control 20240219193312.0
007 - CAMPO FIJO DE DESCRIPCIÓN FÍSICA--INFORMACIÓN GENERAL
campo de control de longitud fija t|
008 - DATOS DE LONGITUD FIJA--INFORMACIÓN GENERAL
campo de control de longitud fija 950206m18881896sp l s001 0 spa d
110 1# - ENTRADA PRINCIPAL--NOMBRE DE ENTIDAD CORPORATIVA
Nombre de entidad corporativa o nombre de jurisdicción como elemento de entrada España.
Unidad subordinada Ministerio de Ultramar.
9 (RLIN) 3937
245 10 - MENCIÓN DEL TÍTULO
Título Compilación legislativa del gobierno y administración civil de Ultramar :
Resto del título arreglada en virtud de las Reales Órdenes de 8 de febrero de 1886 y 29 de enero de 1888 /
Mención de responsabilidad, etc. por Manuel Fernández Martín.
260 ## - PUBLICACIÓN, DISTRIBUCIÓN, ETC.
Lugar de publicación, distribución, etc. Madrid :
Nombre del editor, distribuidor, etc. [s.n.],
Fecha de publicación, distribución, etc. 1888-1896 (
Fabricante Estab. Tip. de Lucas Polo)
300 ## - DESCRIPCIÓN FÍSICA
Extensión 12 v. ;
Dimensiones 23 cm.
505 1# - NOTA DE CONTENIDO CON FORMATO
Nota de contenido con formato 1-4 (1º a 4º trimestre de 1886) - 5-8 (1º a 4º trimestre de 1887) - 9-11 (1º a 3º cuatrimestre de 1888) - 12 (1º cuatrimestre de 1889)
530 ## - NOTA DISPONIBLE DE FORMULARIO FÍSICO ADICIONAL
Nota de formato físico adicional disponible Disponible en formato digital.
594 ## - Nota al título y mención de responsabilidad
Nota al título y mención de responsabilidad La obra se publicó en 15 v. (hasta 1er. cuatrimestre de 1890)
650 ## - PUNTO DE ACCESO ADICIONAL DE MATERIA--TÉRMINO DE MATERIA
Término de materia o nombre geográfico como elemento de entrada Derecho colonial-
Subdivisión geográfica España.
9 (RLIN) 170999
700 1# - ENTRADA AGREGADA--NOMBRE PERSONAL
Nombre de persona Fernández Martín, Manuel,
Fechas asociadas al nombre 1864-1902
9 (RLIN) 49899
852 ## - LOCALIZACIÓN
Ubicación ES-MaACL
Número de control de estantería B-8295-306
856 ## - LOCALIZACIÓN Y ACCESO ELECTRÓNICOS
Identificador Uniforme de Recursos <a href="http://bdh-rd.bne.es/viewer.vm?id=0000006197&page=1 ">http://bdh-rd.bne.es/viewer.vm?id=0000006197&page=1 </a>
Nota pública Biblioteca Digital Hispánica
-- (15 v.)
Holdings
Estatus retirado Estado de pérdida Estado de daño No para préstamo Colección Biblioteca de origen Biblioteca actual Ubicación en estantería Fecha de adquisición Fuente de adquisición Total de préstamos Signatura topográfica completa Código de barras Visto por última vez Precio de reemplazo Tipo de ítem Koha
        Colección digital Biblioteca del Ateneo de Madrid Biblioteca del Ateneo de Madrid Sala Pardo Bazán 17/01/2008     B-8295-306 1056557 23/02/2023 23/02/2023 Libro impreso antiguo